[Event "Provence-chA"]
[Site "Provence"]
[Date "1990.??.??"]
[Round "6"]
[White "Bogdan, Gilbert"]
[Black "Savoy, D."]
[Result "1/2-1/2"]
[WhiteElo "2060"]
[BlackElo "2100"]
[PlyCount "85"]
[EventDate "1990.??.??"]
[EventType "swiss"]
[EventRounds "7"]
[EventCountry "FRA"]
[SourceTitle "EXT 2005"]
[Source "ChessBase"]
[SourceDate "2004.11.15"]
[SourceVersion "1"]
[SourceVersionDate "2004.11.15"]
[SourceQuality "1"]

1. Nf3 Nf6 2. c4 g6 3. b3 Bg7 4. Bb2 0-0 5. g3 d6 6. Bg2 Nbd7 7. 0-0 c6 8. Nc3 Qc7 9. Rc1 e5 10. Qc2 Re8 11. d3 Nh5 12. e4 Nf8 13. Nh4 Ne6 14. Ne2 Qe7 15. Qd2 Nef4 16. Rcd1 Nxg2 17. Nxg2 Bh3 18. Bc1 Rad8 19. Nc3 h6 20. Qe3 a6 21. Qf3 Nf6 22. Qe2 d5 23. Rfe1 b5 24. cxd5 cxd5 25. Nxd5 Nxd5 26. exd5 Rxd5 27. Nf4 Qd7 28. Nxd5 Qxd5 29. Qe4 Qd7 30. f3 Be6 31. Qe3 Bd5 32. Bb2 Bf8 33. Kg2 f5 34. Qb6 Re6 35. Qe3 g5 36. Bxe5 g4 37. Rc1 Bxf3+ 38. Kf2 Qe8 39. h4 Bb4 40. d4 Bxe1+ 41. Qxe1 Rc6 42. Bf4 Re6 43. Be5 1/2-1/2

[Event "Provence-chA"]
[Site "Provence"]
[Date "1990.??.??"]
[Round "4"]
[White "Gaudineau, Eric"]
[Black "Savoy, D."]
[Result "1/2-1/2"]
[WhiteElo "1940"]
[BlackElo "2100"]
[PlyCount "29"]
[EventDate "1990.??.??"]
[EventType "swiss"]
[EventRounds "7"]
[EventCountry "FRA"]
[SourceTitle "EXT 2005"]
[Source "ChessBase"]
[SourceDate "2004.11.15"]
[SourceVersion "1"]
[SourceVersionDate "2004.11.15"]
[SourceQuality "1"]

1. e4 e6 2. d4 d5 3. exd5 exd5 4. Bd3 Bd6 5. Nf3 Ne7 6. 0-0 0-0 7. Re1 Bf5 8. Bxf5 Nxf5 9. Qd3 Qf6 10. Nc3 c6 11. Bg5 Qg6 12. Ne2 Nd7 13. Nf4 Bxf4 14. Bxf4 Rfe8 15. Re2 1/2-1/2